Largest Guatemalan Communities In The US Quiz Stats

 Plays Quiz not verified by Sporcle

Also try: Largest Countries
Challenge
Share
Tweet
Embed
Score 0/20 Timer 10:00
0 Plays Today
Place % Correct
???
95.8%
???
93.8%
???
93.8%
???
91.7%
???
89.6%
???
85.4%
???
83.3%
???
77.1%
???
72.9%
???
41.7%
Place % Correct
???
29.2%
???
12.5%
???
12.5%
???
8.3%
???
8.3%
???
6.3%
???
4.2%
???
2.1%
???
2.1%
???
2.1%

You're not logged in!

Compare scores with friends on all Sporcle quizzes.
OR
Log In

You Might Also Like...

Show Comments

Extras

Top Quizzes Today


Score Distribution

Your Account Isn't Verified!

In order to create a playlist on Sporcle, you need to verify the email address you used during registration. Go to your Sporcle Settings to finish the process.

Report this User

Report this user for behavior that violates our Community Guidelines.

Details: